Kvantitatívne metódy v ekonomike, viackriteriálna optimalizácia 7 zborník príspevkov zo seminára, 27. a 28. september 1994, Bratislava

Guardado en:
Detalles Bibliográficos
Formato: Libro
Lenguaje:eslovaco
checo
inglés
Publicado: Bratislava Slovenská spoločnosť pre operačný výskum 1994
Materias:
Etiquetas: Agregar Etiqueta
Sin Etiquetas, Sea el primero en etiquetar este registro!

MARC

LEADER 00000nam a2200000 4500
001 c100768
005 20221123112525.5
041 0 |a slo 
041 0 |a cze 
041 0 |a eng 
044 |a SK 
245 1 0 |a Kvantitatívne metódy v ekonomike, viackriteriálna optimalizácia 7  |b zborník príspevkov zo seminára, 27. a 28. september 1994, Bratislava 
264 1 |a Bratislava  |b Slovenská spoločnosť pre operačný výskum  |c 1994 
300 |a 215 s. 
610 2 0 |a ekonómia 
610 2 0 |a veda ekonomická 
610 2 0 |a analýza ekonometrická 
610 2 0 |a analýza ekonomická 
610 2 0 |a metódy ekonomicko-matematické 
610 2 0 |a modely ekonomicko-matematické 
610 2 0 |a modelovanie 
610 2 0 |a projekty 
610 2 0 |a rozhodovanie 
610 2 0 |a transformácia 
610 2 0 |a optimalizácia